000 00911nam0a22002531 4500
001 rc\3026453
005 20250806201529.0
035 _a(NLR Aleph) 007167847
090 _a43337
_c43337
100 _a20110929d1945 u y0rusy50 ca
101 0 _arus
102 _aRU
105 _aa z |||||
200 1 _aОрганизация ремонтного хозяйства на машиностроительных предприятиях
_fинж. П.Г. Первомайский
210 _aМосква
_cМашгиз
_d1945
_gтип. Профиздата
215 _a148 с.
_cил., черт.
_d21 см
700 1 _aПервомайский
_bП.Г.
_gПавел Григорьевич
801 0 _aRU
_bNLR
_gpsbo
801 1 _aRU
_bELAR
_2rusmarc
852 _aNLR
_jТ36 Г-3/50
942 _cBOOK
945 _aРоссийская национальная библиотека
980 _aNB
980 _aBV